LEADER 03179nam 2200697 450 001 9910530278603321 005 20210920155739.0 010 $a1-4698-1751-9 010 $a1-4698-7900-X 035 $a(CKB)3460000000122738 035 $a(EBL)3417720 035 $a(SSID)ssj0000855442 035 $a(PQKBManifestationID)12385176 035 $a(PQKBTitleCode)TC0000855442 035 $a(PQKBWorkID)10913171 035 $a(PQKB)11534306 035 $a(MiAaPQ)EBC3417720 035 $a(MiAaPQ)EBC2031823 035 $a(Au-PeEL)EBL3417720 035 $a(CaPaEBR)ebr10822801 035 $a(OCoLC)923520685 035 $a(Au-PeEL)EBL2031823 035 $a(OCoLC)908075569 035 $a(EXLCZ)993460000000122738 100 $a20120215h20132013 uy| 0 101 0 $aeng 135 $aur|n|---||||| 181 $ctxt 182 $cc 183 $acr 200 00$aMcGlamry's comprehensive textbook of foot and ankle surgery 205 $aFourth edition /$beditor, Joe T. Southerland ; section editors, Jeffrey S. Boberg [and three others] ; authors' editor, Daniel F. Vickers, CAE, Executive Director, The Podiatry Institute, Decatur, Georgia. 210 1$aPhiladelphia :$cWolters Kluwer Health/Lippincott Williams & Wilkins,$d[2013] 210 4$dİ2013 215 $a1 online resource (2002 p.) 300 $aDescription based upon print version of record. 311 $a0-7817-6580-3 320 $aIncludes bibliographical references and index. 327 $apart I. Basics -- part II. Forefoot surgery -- part III. First ray, hallux abducto valgus, and related deformities -- part IV. Rearfoot -- part V. Ankle -- part VI. Midfoot joint arthrodesis -- part VII. Special surgery : conditions -- part VIII. Special surgery : soft tissue -- part IX. Special surgery : miscellaneous topics -- part X. Tumors -- part XI. Trauma. 330 $aThe definitive text in its field, McGlamry's Comprehensive Textbook of Foot and Ankle Surgery, is the ideal reference for the podiatric or orthopedic surgeon, resident, or student preparing for certification exams. From perioperative management to postoperative complications and considerations, this must-have resource prepares you for a full range of podiatric surgeries and procedures ranging from routine trauma of the foot and leg to compound deformities, enabling you to face any challenge with confidence. 606 $aFoot$xSurgery 606 $aAnkle$xSurgery 606 $aFoot$xWounds and injuries$xSurgery 606 $aAnkle$xWounds and injuries$xSurgery 608 $aElectronic books. 615 0$aFoot$xSurgery. 615 0$aAnkle$xSurgery. 615 0$aFoot$xWounds and injuries$xSurgery. 615 0$aAnkle$xWounds and injuries$xSurgery. 676 $a617.5/85059 701 $aMcGlamry$b E. Dalton$01193028 701 $aSoutherland$b Joe T$01193029 701 $aVickers$b Daniel$01193030 701 $aBoberg$b Jeffrey S$01193031 801 0$bMiAaPQ 801 1$bMiAaPQ 801 2$bMiAaPQ 906 $aBOOK 912 $a9910530278603321 996 $aMcGlamry's comprehensive textbook of foot and ankle surgery$92760605 997 $aUNINA LEADER 05081nam 2200721 450 001 9910787353603321 005 20230120002255.0 010 $a0-12-801704-X 010 $a0-12-801478-4 035 $a(CKB)3710000000347684 035 $a(EBL)1935865 035 $a(OCoLC)902957664 035 $a(SSID)ssj0001433238 035 $a(PQKBManifestationID)11897732 035 $a(PQKBTitleCode)TC0001433238 035 $a(PQKBWorkID)11413208 035 $a(PQKB)11173311 035 $a(MiAaPQ)EBC1935865 035 $a(Au-PeEL)EBL1935865 035 $a(CaPaEBR)ebr11014742 035 $a(CaONFJC)MIL719478 035 $a(OCoLC)903963725 035 $a(EXLCZ)993710000000347684 100 $a20150212h20152015 uy 0 101 0 $aeng 135 $aur|n|---||||| 181 $ctxt$2rdacontent 182 $cc 183 $acr 200 10$aEnvironmental and animal rights extremism, terrorism, and national security /$fElzbieta Pos?uszna ; acquiring editor Sara Scott ; designer Maria Ines Cruz 210 1$aKidlington, England :$cButterworth-Heinemann,$d2015. 210 4$dİ2015 215 $a1 online resource (278 pages) 300 $aDescription based upon print version of record. 311 $a1-322-88196-0 320 $aIncludes bibliographical references and index. 327 $a""Cover""; ""Title Page""; ""Copyright Page""; ""Contents""; ""Acknowledgments""; ""Part One - Introductory Remarks""; ""1 - Introduction""; ""2 - Extremism: A Theoretical Perspective""; ""2.1 - General characteristics of extremism""; ""2.2 - The sources of extremism""; ""2.3 - Violence and extremism""; ""2.4 - Resentment, extremism, terrorism""; ""Part Two - Animal Rights Extremism""; ""3 - From the Compassion Principle to the Conception of Rights: Ideological Development of the Radical Wing of the Anima...""; ""3.1 - The anthropocentric paradigm""; ""3.2 - Postanthropocentric perspective"" 327 $a""4 - Animal Rights Movement: Foundation, Development, and Radicalization""""4.1 - The beginnings of animal rights activism""; ""4.2 - The organizational perspective""; ""4.3 - Animal liberation movement""; ""4.4 - Animal welfare vs. animal rights""; ""4.5 - Toward radicalism""; ""5 - Violence in Defense of Animal Rights""; ""5.1 - Hunt saboteurs association""; ""5.2 - Band of mercy""; ""5.3 - Animal liberation front""; ""5.4 - Animal rights militia""; ""5.5 - Justice department""; ""5.6 - Stop huntington animal cruelty"" 327 $a""5.7 - Animal rights radicalism from the psychological, organizational, and motivational perspective""""5.8 - Justification of violence""; ""Part Three - Environmental Extremism""; ""6 - Radical Ecology a??? Ideological Development of the Radical Wing of the Environmental Movement""; ""6.1 - Toward radical ecology""; ""6.2 - Deep ecology""; ""6.3 - Anarchist social ecology""; ""7 - Environmental Movement: The Origins, Development, and Radicalization""; ""7.1 - Conservationism vs. preservationism""; ""7.2 - The birth of environmentalism""; ""7.3 - The birth of environmental radicalism"" 327 $a""9.5 - Leaderless resistance in the ecoextremist movement""""10 - a???Lone Wolvesa??? Strategy: The Case of Volkert van der Graaf and Theodore Kaczynski""; ""10.1 - Terrorism of lone wolves""; ""10.2 - Volkert van der Graaf""; ""10.3 - Theodore Kaczynski""; ""Part Five - Developmental Perspectives""; ""11 - New Terrorism: Determinants, Working Methods, and Directions of Development""; ""11.1 - Globalization and terrorism""; ""11.2 - Internet and terrorism""; ""11.3 - Cyberterrorism""; ""11.4 - Swarming""; ""12 - The Future of Ecological Extremism""; ""13 - Conclusions""; ""References"" 327 $a""Index"" 330 $aAs concerns about human treatment of the environment and animals have increased over the years, so have decentralized and extremist groups related to these causes. Environmental and Animal Rights Extremism, Terrorism, and National Security analyzes the international development of radical movements relating to environmental concerns and animal rights in the context of the threats they pose to national security. In addition to tracing the factors responsible for the rapid growth of these movements over the last 25 years, this text presents countermeasures that governments can deploy to neutral 606 $aRadicalism 606 $aEnvironmentalism$xSocial aspects 606 $aAnimal rights movement 606 $aTerrorism 606 $aAnti-globalization movement 615 0$aRadicalism. 615 0$aEnvironmentalism$xSocial aspects. 615 0$aAnimal rights movement. 615 0$aTerrorism. 615 0$aAnti-globalization movement. 676 $a303.484 700 $aPos?uszna$b Elzbieta$01509643 702 $aScott$b Sara 702 $aCruz$b Maria Ines 801 0$bMiAaPQ 801 1$bMiAaPQ 801 2$bMiAaPQ 906 $aBOOK 912 $a9910787353603321 996 $aEnvironmental and animal rights extremism, terrorism, and national security$93741693 997 $aUNINA